| 000 | 00930nam a22002057a 4500 | ||
|---|---|---|---|
| 005 | 20250102114502.0 | ||
| 010 | _aHIN-129083 | ||
| 020 |
_a97881977756856 _c295.00 |
||
| 035 | _aHN-101429 | ||
| 037 | _bDBAD | ||
| 082 | _a342.54 | ||
| 100 |
_aसुरेश कुमार _975681 |
||
| 245 |
_aJBD भारतीय संविधान/ _cसुरेश कुमार, सोमनाथ वर्मा और गुलशन राय |
||
| 260 |
_aकरनाल, हरियाणा _bज्योति बुक डिपो _c2025 |
||
| 270 |
_a295, इब्राहिम मंडी _bकरनाल, हरियाणा _e132001 _k0184-2294444 _k0184-2241694 |
||
| 300 |
_a230 पृ. _c25 सेमी (अजिल्द) |
||
| 700 |
_aवर्मा, सोमनाथ _975682 |
||
| 700 |
_aराय, गुलशन _975683 |
||
| 942 |
_2ddc _cHN _h342.54 _mसुरेश |
||
| 999 |
_c207968 _d207968 |
||